000
00398nam a22001697a 4500
003
MPLRDC
005
20220104151413.0
008
210129b ||||| |||| 00| 0 eng d
082
_a
861.57 JSQ-3
100
_a
井上靖
245
_a
冰壁
_c
250
_a
第一版
260
_a
_b
上海译文出版社
_c
1984
300
_b
平
650
_a
日本现代小说
942
_c
BK
_o
861.57 JSQ-3
999
_c
52354
_d
52344